000 00648nam a22001937a 4500
999 _c168002
_d168002
005 20190924171303.0
010 _aUR-10494
020 _c300.00
_a9789352817634
035 _aU-9049
037 _bDBAD/PUB
_a-
082 _a841
100 _aقيو م کنو ل
245 _aد و پہر کی د ھو پ
_cقيو م کنو ل
246 _bDopahar ki Dhoop (Urdu)
_aby Mohd. Qaiyum Kanwal
260 _aGujrat
_bMohd. Qaiyum Kanwal
_c2017 ء
270 _aMuqeem Sehts Chawl,Nr.Gomtipur Under Bridge,Gomptipur Road,
_bAhmadbad
_e380021
_k9925410493
_l-
300 _a228 ص
_c22 Cm(Hb)
942 _2ddc
_cUR
_h841
_mک ن و